Top 100 Harry Potter Characters In Order by Mention - Statistics

General Stats
  • This quiz has been taken 619 times
  • The average score is 27 of 100
Answer Stats
# Answer % Correct
18,956 Harry Potter
100%
6,464 Ron Weasley
97%
5,486 Hermione Granger
95%
2,421 Albus Dumbledore
91%
2,024 Rubeus Hagrid
76%
1,956 Severus Snape
71%
1,797 Voldemort
65%
1,471 Sirius Black
49%
1,198 Draco Malfoy
47%
920 Fred Weasley
41%
821 George Weasley
40%
810 Neville Longbottom
40%
770 Minerva McGonagall
38%
771 Ginny Weasley
37%
864 Remus Lupin
37%
780 Arthur Weasley
34%
722 Molly Weasley
33%
356 Luna Lovegood
31%
583 Alastor "Mad Eye" Moody
30%
637 Dolores Umbridge
30%
469 Dobby
29%
467 Dudley Dursley
28%
530 Vernon Dursley
28%
353 Cedric Diggory
26%
432 Horace Slughorn
26%
426 Percy Weasley
26%
486 Peter Pettigrew
26%
314 Petunia Dursley
26%
220 Bellatrix Lestrange
25%
493 Cornelius Fudge
25%
302 Bill Weasley
24%
215 Cho Chang
24%
204 Hedwig
24%
190 James Potter
24%
249 Lucius Malfoy
24%
277 Viktor Krum
24%
295 Bartemius Crouch, Sr.
23%
212 Dean Thomas
23%
258 Fleur Delacour
23%
228 Gregory Goyle
23%
312 Kreacher
23%
127 Lily Potter
23%
242 Nymphadora Tonks
23%
262 Sybill Trelawney
23%
224 Vincent Crabbe
23%
262 Gilderoy Lockhart
22%
179 Seamus Finnigan
22%
288 Argus Filch
21%
110 Charlie Weasley
21%
119 Moaning Myrtle
21%
122 Quirinus Quirrell
21%
188 Rita Skeeter
21%
140 Filius Flitwick
20%
117 Garrick Ollivander
20%
106 Kingsley Shacklebolt
20%
141 Lavender Brown
20%
109 Lee Jordan
20%
123 Nearly Headless Nick
20%
208 Oliver Wood
20%
164 Peeves
20%
135 Angelina Johnson
19%
136 Buckbeak
19%
162 Crookshanks
19%
105 Fang
19%
64 Fawkes
19%
102 Fenrir Greyback
19%
63 Frank Bryce
19%
63 Godric Gryffindor
19%
140 Griphook
19%
116 Katie Bell
19%
246 Ludo Bagman
19%
89 Narcissa Malfoy
19%
133 Parvati Patil
19%
90 Pomona Sprout
19%
70 Salazar Slytherin
19%
162 Winky
19%
124 Xenophilius Lovegood
19%
79 Aberforth Dumbledore
18%
68 Bob Ogden
18%
73 Cormac McLaggen
18%
62 Elphias Doge
18%
92 Ernie MacMillan
18%
75 Firenze
18%
73 Gellert Grindelwald
18%
75 Grawp
18%
165 Igor Karkaroff
18%
147 Mundungus Fletcher
18%
112 Olympe Maxime
18%
68 Pansy Parkinson
18%
156 Poppy Pomfrey
18%
153 Rufus Scrimgeour
18%
85 Stan Shunpike
18%
72 The Fat Lady
18%
76 Amos Diggory
17%
77 Bathilda Bagshot
17%
77 Colin Creevey
17%
73 Marge Dursley
17%
68 Marvolo Gaunt
17%
63 Morfin Gaunt
17%
89 Phineas Nigellus Black
17%
No matching quizzes found
Score Distribution
Percent of People with Each Score
Percentile by Number Answered
Your Score History
You have not taken this quiz